Podnik a podnikanie

Saved in:
Bibliographic Details
Main Author: Majdúchová, Helena, 1963-
Corporate Author: Ekonomická univerzita v Bratislave. Fakulta podnikového manažmentu
Other Authors: Neumannová, Anna
Format: Book
Language:Slovak
Published: Bratislava Vydavateľstvo Ekonóm 2003
Subjects:
Tags: Add Tag
No Tags, Be the first to tag this record!

MARC

LEADER 00000nam a2200000 4500
001 c144061
005 20221108125239.2
020 |a 80-225-1689-9 
041 0 |a slo 
044 |a SK 
245 1 0 |a Podnik a podnikanie  |c Helena Majdúchová, Anna Neumannová 
264 1 |a Bratislava  |b Vydavateľstvo Ekonóm  |c 2003 
300 |a 230 s. 
610 2 0 |a podnik 
610 2 0 |a podnikanie 
610 2 0 |a hospodárstvo podnikové 
610 2 0 |a typológia podnikov 
610 2 0 |a združovanie prostriedkov 
610 2 0 |a kríza podniku 
610 2 0 |a rast podniku 
610 2 0 |a úpadok podniku 
610 2 0 |a konkurzy 
100 1 |a Majdúchová, Helena, 1963- 
700 1 |a Neumannová, Anna 
710 2 |a Ekonomická univerzita v Bratislave. Fakulta podnikového manažmentu